000 00410nam a22001337a 4500
008 151001b xxu||||| |||| 00| 0 eng d
020 _a048629282
050 _aPR1219 .A67 1996
100 _aApplelbaum, STANLEY
_d1996
245 _aEnglish Romantic poetry
_cStanley Applelbaum
260 _aNew York,
_bDover publication,
_c1996
300 _axvi,240p.:
942 _2lcc
_cBOOKS
_hPR1219 .A67 1996
999 _c7008
_d7008